Evolution of tantric culture / (Record no. 155921)

MARC details
000 -LEADER
fixed length control field 00574nam a22001937a 4500
005 - DATE AND TIME OF LATEST TRANSACTION
control field 20180814161800.0
010 ## - LCCN (DPL NO)
LC control number ENG-123732
020 ## - INTERNATIONAL STANDARD BOOK NUMBER
International Standard Book Number 9788174792099
Terms of availability 695.00
035 ## - SYSTEM CONTROL NUMBER
System control number EN-107264
037 ## - SOURCE OF ACQUISITION
Source of stock number/acquisition DBAD/PUB
082 00 - DEWEY DECIMAL CLASSIFICATION NUMBER
Classification number 235
100 ## - MAIN ENTRY--PERSONAL NAME
Personal name Prajith J.P.
245 10 - TITLE STATEMENT
Title Evolution of tantric culture /
Statement of responsibility, etc by J.P. Prajith
260 ## - PUBLICATION, DISTRIBUTION, ETC. (IMPRINT)
Place of publication, distribution, etc New Delhi
Name of publisher, distributor, etc Kaveri Books
Date of publication, distribution, etc 2018
270 ## - ADDRESS
Address 4832/24, Ansari Road, Daryaganj,
City New Delhi
Postal code 110002
300 ## - PHYSICAL DESCRIPTION
Extent xv,176p.
Dimensions 22cm.(Hb)
500 ## - GENERAL NOTE
General note It includes bibliography and index
942 ## - ADDED ENTRY ELEMENTS (KOHA)
Source of classification or shelving scheme Dewey Decimal Classification
Item type English Books
Classification part 235
Call number suffix PRA
Holdings
Withdrawn status Lost status Not for loan Collection code Home library Current library Date acquired Source of acquisition Cost, normal purchase price Full call number Barcode Copy number Cost, replacement price Koha item type
    Not For Loan Non-fiction D.B.Act.Division Bawana 20/08/2018 DBAD/PUB 695.00 235 PRA EN-107264 1 695.00 English Books

© Delhi Public Library
Hit Counter
free hit counter